000 00493nam a2200193Ia 4500
003 GCL
008 140319s9999 xx 000 0 eng d
040 _aGCL /
_cGCL
082 0 4 _a743.6
_bB C
100 1 _aBROWN, DAVID
245 1 0 _aDRAW CATS /
_cBROWN, DAVID
260 _a[S.N] :
_bA AND C BLACK LIMITED ،
_c1992
300 _a48
650 0 4 _aDRAWING
650 0 4 _aANIMAL PAINTING AND ILLUSTRATION
650 0 4 _aARTS
650 0 4 _aCATS PAINTING AND ILLUSTRATION
942 _2ddc
_cBK
999 _c17425
_d17425